1592 1734 1184 1155 1069 1762 1678 1941 1157 1591 1975 1303 1543 1932 1553 1902 1545 1202 1608 1466 1182 1011 1971 1799 1638 1868 1129 1865 1656 1012 1969 1354 1549 1244 1914 1835 1938 1956 1798 1036 1144 1048 1074 1947 1710 1940 1872 1192 1850 1578 1146 1860 1258 1993 1570 1493 1935 1989 1455 1740 1894 1843 1973 1186 1471 1586 1177 1702 1260 1493 1724 1546 1527 1667 1470 1146 1086 1128 1023 1881 1079 1111 1912 1694 1507 1002 1173 1890 1083 1682 1964 1917 1817 1108 1359 1334 1455 1697 1258 BCNSPRNW ULIB Ver.6.0+V

เปลี่ยนเป็นภาษาไทย

Change to English
 แสดงรายละเอียดบรรณานุกรม
  กลับหน้าหลัก

Brief Record : Get Marc (ISO 2709) : E-mail record : QR code < ปิดหน้าต่าง
LEADER : 00000nam 2200000uu 4500
001    13399120048
003     ULIB
008    120824s2546||||th 000 0 tha d
020    ^a9749125843
099    ^aนว.^bน418ร
100    ^aนันทนา วีระชน
245    ^aรักนี้หัวใจเราจอง/^cนันทนา วีระชน
260    ^aกรุงเทพฯ :^bสถาพรบุุ๊ค,^c2546
300    ^a488 หน้า
945    ^p250^l0^i020192
999    ^aใช้งานได้ทุกระบบ
รายการนี้ยังไม่มีแท็ก
คุณยังไม่ได้ล็อกอิน คุณสามารถมีกิจกรรมร่วมกับเว็บไซต์ได้ แต่ต้องล็อกอินก่อน ::
  ล็อกอิน

รายการสื่อสารสนเทศ

ลำดับที่ ประเภท เลขเรียก/บาร์โค้ด สถานที่ สถานะ
- ไม่พบข้อมูล -

รายการใกล้เคียง
    ผู้แต่ง [นันทนา วีระชน]

BibComment


ยังไม่เคยถูกคอมเมนท์

คอมเมนท์ทรัพยากรรายการนี้
  คอมเมนท์: รักนี้หัวใจเราจอ..


 Copyright 2026. Bcnsprnw @Library